00674cam a22002537a 4500003000500000005001700005008004100022010001000063011001000073035001000083040000900093082002000102100001800122245007100140250001000211260003700221300001100258490002500269650001900294650002600313650003600339700002000375830002500395CHAP20220329135836.0971013c19911984 r 00010 d a43133 a44105 a48243 cCHAP a581.1bS87 198400aStreet, H. E.14aThe physiology of flowering plantsb: their growth and development a3 ed. aLondon :bArnold,c1991 [c.1984] a279 p. 0aComtemporary biology14aFanerógamas.14aFisiología vegetal.14aPlantasxCrecimientoxAditivos.0 aèOpik, Helgi.0 aComtemporary biology